| 000 | 00695nam a2200253Ia 4500 | ||
|---|---|---|---|
| 003 | GCL | ||
| 008 | 140319s9999 xx 000 0 ara d | ||
| 040 |
_aGCL / _cGCL |
||
| 082 | 0 | 4 |
_a301.42 _bو ع |
| 100 | 1 | _aوصفى ال وصفى | |
| 245 | 1 | 0 |
_aعدن أو الجحيم / _cوصفى ال وصفى |
| 300 | _a128 ص | ||
| 490 | _a | ||
| 650 | 0 | 4 | _aالسلوك الجنسى |
| 650 | 0 | 4 | _aالعادات والتقاليد |
| 650 | 0 | 4 | _aالزواج |
| 650 | 0 | 4 | _aالعلاقات الاسرية |
| 650 | 0 | 4 | _aالخطبة |
| 650 | 0 | 4 | _aالزفاف |
| 650 | 0 | 4 | _aالحب |
| 650 | 0 | 4 | _aالحقوق الزوجية |
| 650 | 0 | 4 | _aالاسرة والمجتمع |
| 942 |
_2ddc _cBK |
||
| 999 |
_c39849 _d39849 |
||